00330nam a22001337a 4500003000400000005001700004007001000021008004100031020001400072040000600086082001700092245006200109260002500171OSt20241024100926.0173 pages241024b |||||||| |||| 00| 0 eng d a938214644 c  a294.561bSHA aLiving the mystery of LifecShankar Sri Sri RavihEnglish bSri Sri publications